Heavy traffic limits for multiphase queves

Αποθηκεύτηκε σε:
Λεπτομέρειες βιβλιογραφικής εγγραφής
Κύριος συγγραφέας: Karpelevich, Fridrikh Izrailevich
Άλλοι συγγραφείς: Kreinin, A.Ya
Μορφή: Βιβλίο
Γλώσσα:English
Δημοσίευση: Providence, R.I. : American Mathematical Society, c1994
Σειρά:Translations of mathematical monographs ; ; 137
Θέματα:
Ετικέτες: Προσθήκη ετικέτας
Δεν υπάρχουν, Καταχωρήστε ετικέτα πρώτοι!

MARC

LEADER 00000nam a2200000 i 4500
001 1/53975
008 951030s1994 eng d
020 |a 0-8218-4597-7 
035 |1 ΕΛΗ  |a 1995  |b 2410  |c ΠΑΠΑΔΟΠΟΥΛΟΣ  |l 10044860 
040 |a GR-MY-UA  |b gre  |e aacr 
041 0 |a eng 
082 0 |a 519.2 
100 1 |a Karpelevich, Fridrikh Izrailevich. 
245 1 0 |a Heavy traffic limits for multiphase queves /  |c F.I Karpelevich, A. Ya. Kreinin 
260 |a Providence, R.I. :   |b American Mathematical Society,   |c c1994 
300 |a xi, 143 p.;  |c 26 cm. 
490 1 |a Translations of mathematical monographs  |v ; 137 
500 |a Includes bibliographical references (p. 139-143) 
650 0 0 |a Queuing theory. 
650 0 0 |a Stochastic processes. 
700 1 |a Kreinin, A.Ya. 
830 0 |a Translations of mathematical monographs ;  |v ; 137 
852 |a INST  |b SAMOS  |e 19951030  |h 519.2 KAR  |p 005300012087  |q 005300012087  |t BK  |y 0 
901 |a BIBL-1997-2 
909 |a Σ  |b 051547